[Event "Tournoi Skype 026A"]
[Site "Skype"]
[Date "????.??.??"]
[Round "3.31"]
[White "Hilton, Stephen"]
[Black "Sauvaget, Joel"]
[Result "0-1"]
[WhiteElo "1799"]
[BlackElo "1523"]
[PlyCount "56"]

1. d4 d5 2. c4 e6 3. Nc3 c6 4. e3 Nf6 5. Nf3 Nbd7 6. Bd3 Be7 7. O-O O-O 8. e4
dxe4 9. Nxe4 Nxe4 10. Bxe4 Nf6 11. Bb1 Re8 12. Qc2 g6 13. b3 Bf8 14. Bb2 Bg7
15. Ne5 Qc7 16. Qe2 Nd7 17. Bd3 f6 18. Nxd7 Qxd7 19. Rfe1 Qc7 20. d5 e5 21.
dxc6 bxc6 22. Rad1 Be6 23. Qc2 Rad8 24. c5 Bd5 25. Bc4 Qa5 26. a4 Kh8 27. Bxd5
Rxd5 28. Rxd5 Qxe1# 0-1

[Event "Tournoi Skype 026A"]
[Site "Skype"]
[Date "????.??.??"]
[Round "3.32"]
[White "L'Herbon De Lussats, Jean"]
[Black "Saponara, Jose Maria"]
[Result "0-1"]
[WhiteElo "1501"]
[BlackElo "1756"]
[PlyCount "82"]

1. e4 d5 2. e5 c5 3. c3 Nc6 4. Bb5 a6 5. Bxc6+ bxc6 6. Nf3 Bg4 7. d4 e6 8. Bf4
Ne7 9. O-O Ng6 10. Bg3 Qb6 11. b3 cxd4 12. cxd4 Bxf3 13. Qxf3 Qxd4 14. Nc3 Nxe5
15. Qe3 Qxe3 16. fxe3 Ng4 17. Rf3 Bc5 18. Nd1 e5 19. h3 e4 20. Rf1 Nxe3 21.
Nxe3 Bxe3+ 22. Kh1 f6 23. Bd6 Kd7 24. Bb4 Rhb8 25. Bc3 Ke6 26. Rae1 Bc5 27. Re2
Rb7 28. g4 Rf8 29. h4 f5 30. g5 f4 31. Rf3 Kf5 32. Rh3 Kg4 33. Kh2 f3 34. Rc2
Bd6+ 35. Kh1 Kxh3 36. Be1 Rc7 37. Bf2 Bg3 38. Bg1 f2 39. Bh2 Bxh2 40. Rc3+ Bg3
41. h5 f1=Q# 0-1

[Event "Tournoi Skype 026A"]
[Site "Skype"]
[Date "????.??.??"]
[Round "3.35"]
[White "Castillo, Jesus"]
[Black "Ramirez Reina, Orlando"]
[Result "1-0"]
[WhiteElo "1587"]
[BlackElo "1476"]
[PlyCount "123"]

1. e4 d6 2. d4 Nf6 3. Nc3 g6 4. e5 Nfd7 5. f4 Bg7 6. Nf3 dxe5 7. fxe5 O-O 8.
Bd3 c5 9. dxc5 Nxc5 10. Bc4 Qxd1+ 11. Nxd1 Nc6 12. Be3 Ne6 13. Bxe6 Bxe6 14.
Bf4 Nb4 15. O-O Nxc2 16. Rc1 Rac8 17. a3 Bb3 18. Nc3 e6 19. Nd2 Nd4 20. Nde4
Rc6 21. Nd6 b6 22. Nde4 h6 23. Nf6+ Bxf6 24. exf6 Rd8 25. Bxh6 Nf5 26. Bf4 Nd4
27. Be5 a6 28. Bf4 b5 29. Bh6 a5 30. Bg7 b4 31. Rf4 Nf5 32. axb4 axb4 33. Rxb4
Bd5 34. Rd1 Nxg7 35. fxg7 Kxg7 36. Nxd5 Rxd5 37. Rxd5 exd5 38. Rd4 Rd6 39. b4
Kf6 40. Kf2 Ke5 41. Ke3 Rb6 42. h3 g5 43. g3 f5 44. h4 g4 45. h5 Rh6 46. b5
Rxh5 47. b6 Rh8 48. Rf4 Rb8 49. Rb4 Rb7 50. Kd3 d4 51. Rb5+ Ke6 52. Kxd4 f4 53.
gxf4 Kf6 54. Ke4 Re7+ 55. Re5 Rb7 56. Rb5 Re7+ 57. Kd4 Rb7 58. f5 g3 59. Ke4 g2
60. Rb1 g1=Q 61. Rxg1 Rxb6 62. Rg6+ 1-0

[Event "Tournoi Skype 026A"]
[Site "Skype"]
[Date "????.??.??"]
[Round "3.36"]
[White "Escudero Ocana, Francisco"]
[Black "Navghane, Rahul"]
[Result "1-0"]
[WhiteElo "1398"]
[BlackElo "1561"]
[PlyCount "79"]

1. e4 d5 2. exd5 Nf6 3. c4 e6 4. dxe6 Bxe6 5. Nc3 Bc5 6. h3 O-O 7. Nf3 Nc6 8.
d3 Re8 9. Be2 Nd4 10. Nxd4 Qxd4 11. Be3 Qd6 12. d4 Bb4 13. Qc2 c5 14. d5 Bd7
15. O-O-O g6 16. Bf3 Bf5 17. Qd2 Bxc3 18. Qxc3 a6 19. Rhe1 Rac8 20. Bg5 Ne4 21.
Bxe4 Rxe4 22. Rxe4 Bxe4 23. Bh6 f6 24. Re1 Re8 25. f3 Qe5 26. Qxe5 Rxe5 27.
Rxe4 Rxe4 28. fxe4 g5 29. Kd2 Kf7 30. Ke3 Kg6 31. Bf8 b6 32. g4 Kf7 33. Bd6 Ke8
34. Bc7 b5 35. cxb5 axb5 36. b3 Kd7 37. Bb6 c4 38. bxc4 bxc4 39. Bd4 Ke7 40. a4
1-0

[Event "Tournoi Skype 026A"]
[Site "Skype"]
[Date "????.??.??"]
[Round "3.37"]
[White "Bankhede, Shivkumar"]
[Black "Alvarez, Juan Evangelista"]
[Result "1-0"]
[WhiteElo "1377"]
[BlackElo "1535"]
[PlyCount "107"]

1. d4 d5 2. c4 dxc4 3. Nc3 Qd6 4. e3 Be6 5. Qa4+ Qc6 6. Qxc6+ Nxc6 7. Nf3 O-O-O
8. Ng5 Nb4 9. Nxe6 fxe6 10. Rb1 Nd3+ 11. Bxd3 cxd3 12. O-O g5 13. h3 Bg7 14.
Rd1 e5 15. Rxd3 exd4 16. Nb5 a6 17. Nxd4 c5 18. Rc3 Kb8 19. Rxc5 Bxd4 20. exd4
Rxd4 21. Bxg5 Nf6 22. Re1 Ne4 23. Bf4+ Ka8 24. Be5 Nxc5 25. Bxd4 Rc8 26. Bxc5
Rxc5 27. Rxe7 Rc2 28. Rxh7 Rxb2 29. g4 Rxa2 30. Kg2 a5 31. g5 Rc2 32. Kg3 Rc8
33. Re7 Rg8 34. h4 a4 35. Re5 b6 36. Re1 Kb7 37. Kg4 a3 38. Ra1 Ra8 39. g6 b5
40. h5 b4 41. g7 Kc6 42. h6 Rg8 43. Kg5 Kb5 44. Kg6 Ka4 45. h7 Rc8 46. h8=Q
Rc6+ 47. Kh7 Kb3 48. g8=Q+ Ka4 49. Qe8 Kb5 50. Qhe5+ Kb6 51. Qxc6+ Kxc6 52. Rb1
a2 53. Rxb4 a1=Q 54. Qxa1 1-0

[Event "Tournoi Skype 026A"]
[Site "Skype"]
[Date "????.??.??"]
[Round "4.1"]
[White "Deville, Olivier"]
[Black "Lambert, Pierre"]
[Result "1-0"]
[WhiteElo "2081"]
[BlackElo "1902"]
[PlyCount "123"]

1. d4 Nf6 2. c4 g6 3. Nc3 Bg7 4. Nf3 O-O 5. g3 d6 6. Bg2 Nbd7 7. O-O c5 8. d5
Nb6 9. Nd2 Ng4 10. e4 Ne5 11. Qe2 Bd7 12. h3 f5 13. f4 Nf7 14. Nf3 fxe4 15.
Nxe4 Qc8 16. Kh2 a6 17. Rb1 Nh6 18. b3 Nf5 19. Bd2 Rb8 20. Neg5 h6 21. Ne6 Bxe6
22. dxe6 Rf6 23. g4 Rxe6 24. Qd3 Nd4 25. Nxd4 Bxd4 26. Ba5 Nd7 27. Bd5 Nf8 28.
Rbe1 Kg7 29. Bxe6 Nxe6 30. f5 Be5+ 31. Rxe5 dxe5 32. fxe6 Qxe6 33. Qd5 Qxd5 34.
cxd5 b6 35. Bc3 Rd8 36. Bxe5+ Kg8 37. Rd1 b5 38. d6 Kf7 39. d7 Ke6 40. Bc7 Rxd7
41. Rxd7 Kxd7 42. Bf4 h5 43. Kg3 Ke6 44. gxh5 gxh5 45. Kh4 Kf5 46. Be3 c4 47.
bxc4 bxc4 48. Kxh5 e5 49. h4 Ke4 50. Bc1 Kd3 51. Kg4 e4 52. h5 e3 53. Kf3 c3
54. h6 e2 55. Kf2 Kc2 56. Kxe2 Kxc1 57. h7 Kb1 58. h8=Q c2 59. Qh7 Kb2 60. Qb7+
Kc3 61. Qxa6 c1=Q 62. Qc6+ 1-0

[Event "Tournoi Skype 026A"]
[Site "Skype"]
[Date "????.??.??"]
[Round "4.2"]
[White "Mayor Martinez, Juan Jose"]
[Black "Siret, Bernard"]
[Result "0-1"]
[WhiteElo "1892"]
[BlackElo "2063"]
[PlyCount "86"]

1. e4 c5 2. Nf3 d6 3. d4 cxd4 4. Nxd4 Nf6 5. Nc3 a6 6. Be2 e5 7. Nb3 Be7 8. O-O
h6 9. Be3 b5 10. a3 Bb7 11. f3 Nbd7 12. Qd2 Rc8 13. Rad1 Qc7 14. Kh1 O-O 15. h3
Nh5 16. Kh2 f5 17. exf5 Ndf6 18. g4 d5 19. Kg2 d4 20. gxh5 dxc3 21. bxc3 Qxc3
22. Na5 Ba8 23. a4 Qxc2 24. axb5 Bb4 25. Qxc2 Rxc2 26. Rf2 Bxa5 27. Ra1 Bc3 28.
Rxa6 Be1 29. b6 Bxf2 30. Kxf2 Nd5 31. Ra3 Nxe3 32. Kxe3 Rb2 33. Bc4+ Kh8 34.
Be6 Rxb6 35. Ra5 Rxe6 36. fxe6 Rxf3+ 37. Ke2 Rf8 38. Rxe5 Kg8 39. Ke3 Rd8 40.
Kf4 Rd4+ 41. Ke3 Rd5 42. Re4 Bc6 43. h4 Rxh5 0-1

[Event "Tournoi Skype 026A"]
[Site "Skype"]
[Date "????.??.??"]
[Round "4.3"]
[White "Benson, Paul"]
[Black "Lopez, Jose Luis"]
[Result "1/2-1/2"]
[WhiteElo "2052"]
[BlackElo "1879"]
[PlyCount "54"]

1. e4 c5 2. Nf3 d6 3. d4 cxd4 4. Nxd4 Nf6 5. Nc3 Nc6 6. h3 a6 7. g4 h6 8. Bg2
e6 9. Be3 Bd7 10. Qd2 Rc8 11. O-O-O Na5 12. Bf1 Be7 13. Kb1 Nc4 14. Bxc4 Rxc4
15. f4 Qc7 16. Rhg1 Rxc3 17. Qxc3 Qxc3 18. bxc3 Nxe4 19. Kb2 O-O 20. Ne2 Rc8
21. Bd4 d5 22. Ng3 Nxg3 23. Rxg3 Bb5 24. f5 Bd6 25. Re3 Bf4 26. fxe6 Bxe3 27.
exf7+ Kxf7 1/2-1/2

[Event "Tournoi Skype 026A"]
[Site "Skype"]
[Date "????.??.??"]
[Round "4.4"]
[White "Dal, Ibrahim"]
[Black "Ibarra Cantu, Raul Alberto"]
[Result "1-0"]
[WhiteElo "1870"]
[BlackElo "1947"]
[PlyCount "93"]

1. d4 Nf6 2. Nf3 g6 3. Bf4 Bg7 4. e3 O-O 5. Be2 d6 6. h3 b6 7. O-O c5 8. c3 Bb7
9. Nbd2 Nbd7 10. a4 Re8 11. Nc4 Ne4 12. Bd3 Rc8 13. Bxe4 Bxe4 14. Ncd2 Bb7 15.
Qb3 e5 16. Bg5 Qc7 17. Rac1 h6 18. Bh4 Bxf3 19. Nxf3 e4 20. Nd2 c4 21. Qc2 f5
22. b3 d5 23. bxc4 dxc4 24. Rb1 Bf8 25. Bg3 Qc6 26. f3 Nf6 27. fxe4 Nxe4 28.
Nxe4 Rxe4 29. Rf3 Rce8 30. Bf2 Be7 31. Rd1 Qd5 32. Rb1 Bg5 33. Rb5 Qe6 34. d5
Qe7 35. Qd2 Rd8 36. Kf1 Bf6 37. Bg3 Be5 38. Kf2 Bxg3+ 39. Rxg3 Kf7 40. Rf3 h5
41. Rf4 Rxf4+ 42. exf4 Qd6 43. Qd4 Re8 44. Kf3 Re4 45. Qd2 a6 46. Rb4 Re5 47.
fxe5 1-0

[Event "Tournoi Skype 026A"]
[Site "Skype"]
[Date "????.??.??"]
[Round "4.5"]
[White "Grosso, Raul"]
[Black "Karia, Vijay"]
[Result "1-0"]
[WhiteElo "1871"]
[BlackElo "1816"]
[PlyCount "54"]

1. d4 d5 2. c4 c6 3. Nf3 Nf6 4. g3 Nbd7 5. Bg2 e6 6. O-O Qc7 7. cxd5 exd5 8.
Nc3 Bd6 9. Bg5 O-O 10. Rc1 a6 11. a3 Re8 12. b4 b5 13. Nd2 h6 14. Bxf6 Nxf6 15.
e4 dxe4 16. Ndxe4 Nxe4 17. Nxe4 Bb7 18. d5 Rac8 19. dxc6 Bxc6 20. Qxd6 Qb7 21.
Nc5 Qa8 22. Bxc6 Rxc6 23. Qd5 Rec8 24. Rcd1 Qa7 25. Qd7 R6c7 26. Qf5 Re8 27.
Rd7 Rec8 1-0

[Event "Tournoi Skype 026A"]
[Site "Skype"]
[Date "????.??.??"]
[Round "4.6"]
[White "Sepulveda, Lyda Marcela"]
[Black "Prasath, Malola"]
[Result "0-1"]
[WhiteElo "1653"]
[BlackElo "2104"]
[PlyCount "92"]

1. e4 Nc6 2. d4 e5 3. dxe5 Nxe5 4. f4 Ng6 5. Nf3 Bc5 6. Nc3 Nf6 7. f5 Nf8 8.
Bg5 h6 9. Bh4 g5 10. Bg3 d6 11. Qd2 Nh5 12. Bf2 Bb6 13. O-O-O Nd7 14. Bc4 Ndf6
15. Ne5 O-O 16. h4 Nxe4 17. Nxe4 Bxf5 18. hxg5 Bxe4 19. Rxh5 dxe5 20. gxh6
Qxd2+ 21. Rxd2 Bg6 22. h7+ Bxh7 23. Rxe5 Rad8 24. Rg5+ Kh8 25. Rxd8 Rxd8 26.
Bxb6 axb6 27. Bxf7 Rf8 28. Bd5 c6 29. Bf3 Bf5 30. c3 b5 31. b4 Be6 32. a3 Ra8
33. Kb2 Rd8 34. Kc2 Ra8 35. Kb2 Rd8 36. Re5 Rd6 37. Kc2 Kg7 38. g4 Kf6 39. Rh5
Kg7 40. Be4 Bf7 41. Rh7+ Kg8 42. Bf5 b6 43. Rh4 Kg7 44. g5 Rd5 45. Rf4 Rxf5 46.
Rxf5 Bg6 0-1

[Event "Tournoi Skype 026A"]
[Site "Skype"]
[Date "????.??.??"]
[Round "4.7"]
[White "Calderon, Francisco"]
[Black "Rico Hernandez, Edgar"]
[Result "0-1"]
[WhiteElo "1674"]
[BlackElo "1840"]
[PlyCount "84"]

1. e4 c6 2. Nf3 d5 3. exd5 cxd5 4. d4 Nf6 5. Bg5 Ne4 6. Be3 Qb6 7. Qc1 Bg4 8.
Ne5 Bh5 9. f3 Nd6 10. Nc3 e6 11. Bd3 Bg6 12. Nxg6 hxg6 13. Ne2 Nf5 14. Bf2 Nc6
15. c3 Rc8 16. Qb1 Bd6 17. h4 Qc7 18. Rh3 a6 19. g4 Nfe7 20. a3 Na5 21. Qd1 Nc4
22. Qb3 Kd7 23. Bxc4 dxc4 24. Qc2 Nd5 25. O-O-O b5 26. Kb1 a5 27. Qd2 b4 28.
cxb4 axb4 29. axb4 Bxb4 30. Qc1 c3 31. bxc3 Bxc3 32. Qc2 Qb6+ 33. Kc1 Bb2+ 34.
Kd2 Rxc2+ 35. Kxc2 Rc8+ 36. Kd2 Qb4+ 37. Kd3 Qb3+ 38. Kd2 Bc3+ 39. Nxc3 Qxc3+
40. Ke2 Nf4+ 41. Kf1 Nxh3 42. Kg2 Nxf2 0-1

[Event "Tournoi Skype 026A"]
[Site "Skype"]
[Date "????.??.??"]
[Round "4.8"]
[White "Perrone, Gabriel Lorenzo"]
[Black "Diaz, Jose Garcia"]
[Result "0-1"]
[WhiteElo "1603"]
[BlackElo "1839"]
[PlyCount "74"]

1. d4 Nf6 2. Nf3 d5 3. c4 c6 4. Nc3 e6 5. Bg5 Be7 6. e3 h6 7. Bh4 O-O 8. Be2
Ne4 9. Bxe7 Qxe7 10. Nxe4 dxe4 11. Nd2 f5 12. O-O e5 13. f3 exd4 14. fxe4 dxe3
15. Nb3 Qxe4 16. Bd3 Qe8 17. Rf4 g5 18. Rf1 f4 19. Be2 Bf5 20. Nd4 Be4 21. c5
Nd7 22. Qb3+ Bd5 23. Qxb7 Nxc5 24. Qb4 Ne4 25. Nxc6 Bxc6 26. Bc4+ Kg7 27. Be2
Nd2 28. Rfe1 Rb8 29. Qc3+ Rf6 30. Rac1 Qe4 31. Bf1 Nxf1 32. Re2 f3 33. Rec2 f2+
34. Kxf1 Qxg2+ 35. Ke2 f1=Q+ 36. Kxe3 Qe4+ 37. Kd2 Qee2# 0-1

[Event "Tournoi Skype 026A"]
[Site "Skype"]
[Date "????.??.??"]
[Round "4.9"]
[White "Murgia, Stefano"]
[Black "Khunte, Aniruddha"]
[Result "1/2-1/2"]
[WhiteElo "1811"]
[BlackElo "1650"]
[PlyCount "59"]

1. e4 c5 2. Nf3 d6 3. d4 cxd4 4. Nxd4 Nf6 5. Nc3 a6 6. Bg5 e6 7. f4 h6 8. Bh4
Be7 9. Qf3 Bd7 10. O-O-O Nc6 11. Kb1 b5 12. e5 Nxd4 13. Rxd4 dxe5 14. fxe5 Nd5
15. Nxd5 exd5 16. Bxe7 Qxe7 17. Qxd5 Rd8 18. Bd3 O-O 19. Qe4 f5 20. exf6 Qxe4
21. Bxe4 Rxf6 22. Rhd1 Re8 23. Rxd7 Rxe4 24. c3 Re2 25. R1d2 Rff2 26. Kc2 Rxg2
27. Rxe2 Rxe2+ 28. Rd2 Rxd2+ 29. Kxd2 Kf7 30. Ke3 1/2-1/2

[Event "Tournoi Skype 026A"]
[Site "Skype"]
[Date "????.??.??"]
[Round "4.10"]
[White "Martinez Quintero, Javier"]
[Black "Montalvo, Mario"]
[Result "1-0"]
[WhiteElo "1794"]
[BlackElo "1639"]
[PlyCount "75"]

1. d4 d5 2. c4 e6 3. Nf3 c5 4. e3 Nf6 5. b3 Nc6 6. Bb2 a6 7. Be2 cxd4 8. Nxd4
Bb4+ 9. Nd2 Ne4 10. N4f3 O-O 11. O-O Nc3 12. Qe1 Nxe2+ 13. Qxe2 Be7 14. Rfd1
Bf6 15. Ne4 Bxb2 16. Qxb2 Qe7 17. cxd5 exd5 18. Nc3 Qf6 19. Rxd5 Bg4 20. Nd4
Nb4 21. Ra5 b6 22. Ra4 Nd3 23. Qd2 Nc5 24. Rc4 Rfd8 25. Nce2 Ne4 26. Qe1 Bxe2
27. Qxe2 Rac8 28. Rac1 Rxc4 29. Rxc4 Nc5 30. h3 Ne6 31. Nc6 Qa1+ 32. Kh2 Rd1
33. Nd4 Rh1+ 34. Kg3 Nc5 35. Qg4 g6 36. b4 f5 37. Nxf5 Qe5+ 38. Qf4 1-0

[Event "Tournoi Skype 026A"]
[Site "Skype"]
[Date "????.??.??"]
[Round "4.11"]
[White "Rajpurohit, Dinesh"]
[Black "Engstrom, Olle"]
[Result "1/2-1/2"]
[WhiteElo "1555"]
[BlackElo "1771"]
[PlyCount "75"]

1. e4 c6 2. d4 d5 3. Nd2 dxe4 4. Nxe4 Nd7 5. Qe2 e6 6. Bf4 Qa5+ 7. c3 Ngf6 8.
Nd6+ Bxd6 9. Bxd6 Qd5 10. Ba3 Qe4 11. Nf3 Nb6 12. Qxe4 Nxe4 13. Bd3 Nf6 14. Ne5
Nbd7 15. Nc4 Rg8 16. Nd6+ Kd8 17. Nxf7+ Ke8 18. Ng5 Nf8 19. O-O-O h6 20. Bxf8
Rxf8 21. Bg6+ Ke7 22. Nf3 Nd5 23. Be4 Nf6 24. Rhe1 Bd7 25. Rd2 Rad8 26. c4 Kf7
27. Ne5+ Ke8 28. Bf3 Bc8 29. c5 Rg8 30. Ng4 Nxg4 31. Bxg4 Kf7 32. Re3 Rge8 33.
f4 g6 34. Be2 Re7 35. Bd3 Bd7 36. Rg3 Rg8 37. h4 h5 38. Re3 1/2-1/2

[Event "Tournoi Skype 026A"]
[Site "Skype"]
[Date "????.??.??"]
[Round "4.12"]
[White "Calcino, Luis"]
[Black "Legueltel, Daniel"]
[Result "0-1"]
[WhiteElo "1724"]
[BlackElo "1617"]
[PlyCount "112"]

1. e4 e5 2. Nf3 Nc6 3. Bc4 Nf6 4. d4 d6 5. O-O Bg4 6. Bb5 Bd7 7. d5 Ne7 8. Bd3
Ng6 9. h3 Be7 10. Nc3 O-O 11. Nh2 h6 12. Be3 Nh7 13. f4 exf4 14. Bxf4 Nxf4 15.
Rxf4 Bf6 16. Ng4 Bg5 17. Rf1 Qe7 18. Qf3 Nf6 19. Ne3 a6 20. Rae1 Rae8 21. Re2
Bxe3+ 22. Rxe3 c6 23. Re2 c5 24. Ref2 b5 25. b3 Qe5 26. Qf4 Qxc3 27. Qxd6 Qe5
28. Rxf6 gxf6 29. Qxd7 c4 30. Be2 Qxe4 31. Bf3 Qd4+ 32. Kh1 Re5 33. Rd1 Qf2 34.
d6 Rfe8 35. Qg4+ Rg5 36. d7 Re1+ 37. Rxe1 Qxe1+ 38. Kh2 Qd2 39. Qe4 Qd6+ 40.
Kh1 Qxd7 41. bxc4 Re5 42. Qf4 Qd6 43. Qg4+ Kf8 44. Qc8+ Kg7 45. Qg4+ Rg5 46.
Qe4 h5 47. cxb5 Re5 48. Qh4 axb5 49. Qg3+ Kf8 50. Qf2 Qe7 51. Kh2 Rg5 52. Kh1
Qe5 53. h4 Rg7 54. Qd2 Rg6 55. Kg1 Qg3 56. Qf2 Qe5 0-1

[Event "Tournoi Skype 026A"]
[Site "Skype"]
[Date "????.??.??"]
[Round "4.14"]
[White "Rapaire, Jean-Michel"]
[Black "Vasquez, Oscar"]
[Result "1-0"]
[WhiteElo "1701"]
[BlackElo "1599"]
[PlyCount "89"]

1. e4 d5 2. exd5 Nf6 3. Nc3 Nxd5 4. Nxd5 Qxd5 5. Qf3 Qe5+ 6. Qe3 Qxe3+ 7. fxe3
e6 8. b3 Bd6 9. Bb2 O-O 10. O-O-O Nd7 11. Nf3 c6 12. h4 b5 13. g4 a5 14. Bg2
Bb7 15. Nd4 a4 16. Nxb5 Be7 17. Nd4 axb3 18. axb3 Rfc8 19. d3 Ra7 20. Kd2 e5
21. Nf5 Bb4+ 22. Bc3 Bxc3+ 23. Kxc3 Kf8 24. Nd6 Rc7 25. Ra1 Ba8 26. Rhf1 Nf6
27. Rxa7 Rxa7 28. g5 Nd5+ 29. Bxd5 cxd5 30. Kb2 g6 31. Nb5 Rd7 32. Rf6 Ke7 33.
d4 e4 34. c4 dxc4 35. bxc4 Bb7 36. Kc3 h6 37. Kb4 Bc8 38. Kc5 hxg5 39. hxg5 Rd8
40. d5 Bg4 41. Nd6 Rf8 42. Nxe4 Rc8+ 43. Kd4 Be2 44. c5 Rd8 45. Nd6 1-0

[Event "Tournoi Skype 026A"]
[Site "Skype"]
[Date "????.??.??"]
[Round "4.15"]
[White "Silva, Rodrigo De Souza"]
[Black "Casey, Eamonn"]
[Result "1/2-1/2"]
[WhiteElo "1893"]
[BlackElo "1575"]
[PlyCount "60"]

1. e4 e6 2. d4 d5 3. Nd2 Nf6 4. e5 Nfd7 5. Bd3 c5 6. c3 Nc6 7. Ne2 Be7 8. O-O
f6 9. Nf4 Nb6 10. Qh5+ Kd7 11. Nxe6 g6 12. Nxd8 gxh5 13. Nxc6 Kxc6 14. dxc5
Kxc5 15. Nf3 Bd7 16. Be3+ Kc6 17. Bd4 Raf8 18. Rfe1 Bg4 19. exf6 Bxf6 20. Ne5+
Bxe5 21. Bxe5 Rhg8 22. Kf1 Rf7 23. Bd4 Nc4 24. b3 Nd2+ 25. Kg1 Bh3 26. Re3
Rxg2+ 27. Kh1 Nf3 28. Rxf3 Rxf3 29. Be2 Rfxf2 30. Bxf2 Rxf2 1/2-1/2

[Event "Tournoi Skype 026A"]
[Site "Skype"]
[Date "????.??.??"]
[Round "4.16"]
[White "Altinok, Selim"]
[Black "Mordaa, Ahmad"]
[Result "1-0"]
[WhiteElo "1921"]
[BlackElo "1561"]
[PlyCount "61"]

1. Nf3 d5 2. d4 Nf6 3. e3 Bf5 4. c4 c6 5. Nc3 e6 6. Qb3 Qb6 7. Qxb6 axb6 8. Be2
dxc4 9. Bxc4 b5 10. Bb3 Bd3 11. Ne5 Be4 12. Nxe4 Nxe4 13. f3 Bb4+ 14. Ke2 Nf6
15. e4 Nbd7 16. Nd3 O-O 17. Nxb4 Rfd8 18. Bg5 h6 19. Bh4 g5 20. Bf2 Nh5 21. g3
Nhf6 22. Rac1 Rac8 23. Rhd1 Kg7 24. Rc2 g4 25. Rdc1 gxf3+ 26. Kxf3 Nb6 27. d5
exd5 28. Bxb6 dxe4+ 29. Ke2 Re8 30. Rf1 Re7 31. Bd4 1-0

[Event "Tournoi Skype 026A"]
[Site "Skype"]
[Date "????.??.??"]
[Round "4.17"]
[White "Segura Lozano, Marcos Antonio"]
[Black "Thoune, Jim"]
[Result "1-0"]
[WhiteElo "1834"]
[BlackElo "1553"]
[PlyCount "77"]

1. e4 c6 2. d4 d5 3. e5 Bf5 4. Ne2 e6 5. Nd2 Nd7 6. Ng3 Bg6 7. f4 h6 8. Be2 Ne7
9. O-O Nf5 10. Nxf5 Bxf5 11. g4 Bh7 12. Rf2 Qb6 13. c3 Be7 14. f5 c5 15. Qb3
exf5 16. Qxb6 axb6 17. gxf5 Bg5 18. Nf1 Bxc1 19. Rxc1 Rxa2 20. e6 Nf6 21. Bb5+
Ke7 22. exf7 Kxf7 23. Ne3 Rd8 24. Re1 Ra5 25. Bf1 Re8 26. Rfe2 cxd4 27. cxd4
Ra4 28. Rc1 Re7 29. Rd1 Rb4 30. Rd3 g6 31. Bg2 gxf5 32. Bxd5+ Nxd5 33. Nxd5
Rxe2 34. Nxb4 Rxb2 35. Nd5 Rb5 36. Nf4 Kf6 37. d5 Bg8 38. d6 Be6 39. Nxe6 1-0

[Event "Tournoi Skype 026A"]
[Site "Skype"]
[Date "????.??.??"]
[Round "4.19"]
[White "Khetre, Gaurav"]
[Black "Aranzubia, Desiderio"]
[Result "1/2-1/2"]
[WhiteElo "1640"]
[BlackElo "1554"]
[PlyCount "30"]

1. d4 Nf6 2. c4 e6 3. Nf3 d5 4. g3 dxc4 5. Bg2 Bd7 6. Nc3 c5 7. Ne5 Nc6 8. Nxc6
Bxc6 9. Bxc6+ bxc6 10. Qa4 cxd4 11. Qxc6+ Nd7 12. Nb5 Bb4+ 13. Bd2 Bxd2+ 14.
Kxd2 O-O 15. Nxd4 Ne5 1/2-1/2

[Event "Tournoi Skype 026A"]
[Site "Skype"]
[Date "????.??.??"]
[Round "4.20"]
[White "Lovell, Stan"]
[Black "Salazar Ticeran, Antonio"]
[Result "1/2-1/2"]
[WhiteElo "1634"]
[BlackElo "1541"]
[PlyCount "93"]

1. d4 Nf6 2. Nf3 g6 3. Bf4 Bg7 4. Nc3 O-O 5. e4 d5 6. e5 Ne8 7. Be2 Bf5 8. O-O
Nd7 9. Re1 e6 10. h3 h5 11. Bg5 f6 12. exf6 Bxf6 13. Bxf6 Nexf6 14. Bd3 Re8 15.
Qd2 c5 16. dxc5 Nxc5 17. Bxf5 exf5 18. Rxe8+ Qxe8 19. Nxd5 Nfe4 20. Qb4 Qf8 21.
Rd1 a5 22. Qc4 Kh8 23. Qd4+ Qg7 24. Qxg7+ Kxg7 25. Nb6 Ra6 26. Nc4 b5 27. Nce5
Na4 28. Nd3 Rc6 29. Nfe1 Kf6 30. f3 Nec5 31. Rd2 Nxd3 32. Nxd3 Rd6 33. b3 Nc5
34. Kf2 Nxd3+ 35. Rxd3 Ke5 36. Re3+ Kd5 37. Rd3+ Ke5 38. Rxd6 Kxd6 39. Ke3 Kc5
40. a3 b4 41. a4 g5 42. g4 fxg4 43. fxg4 hxg4 44. hxg4 Kd5 45. Kd3 Ke5 46. Ke3
Kd5 47. Kd3 1/2-1/2

[Event "Tournoi Skype 026A"]
[Site "Skype"]
[Date "????.??.??"]
[Round "4.21"]
[White "Gharbi, Said"]
[Black "Carballo, Jorge"]
[Result "0-1"]
[WhiteElo "1598"]
[BlackElo "1515"]
[PlyCount "52"]

1. e4 e5 2. f4 d5 3. Nf3 exf4 4. e5 Bg4 5. Be2 Nd7 6. d4 Bxf3 7. Bxf3 Qh4+ 8.
Ke2 c6 9. Qe1 Qxe1+ 10. Rxe1 g5 11. Bh5 Nh6 12. e6 Nf6 13. exf7+ Nxf7 14. Kf1+
Be7 15. Bf3 Nd6 16. Bd2 Nde4 17. Nc3 Nxd2+ 18. Ke2 Nxf3 19. Kxf3 Kd7 20. Re5 h6
21. Rae1 Rhe8 22. Nd1 Bd6 23. Rxe8 Rxe8 24. Rxe8 Kxe8 25. h3 h5 26. Nf2 Kf7 0-1

[Event "Tournoi Skype 026A"]
[Site "Skype"]
[Date "????.??.??"]
[Round "4.22"]
[White "Marino, Giuseppe"]
[Black "Yeter, Orhan"]
[Result "1/2-1/2"]
[WhiteElo "1466"]
[BlackElo "1595"]
[PlyCount "87"]

1. d4 d5 2. e3 c5 3. c3 Nc6 4. Nf3 Bg4 5. Nbd2 e6 6. Bb5 cxd4 7. exd4 Bd6 8.
O-O Nf6 9. Re1 O-O 10. Bd3 Qc7 11. Qc2 h6 12. b3 a6 13. a4 Rac8 14. Qb1 Na5 15.
b4 Nc6 16. Ba3 Na7 17. Bb2 Nc6 18. h3 Bxf3 19. Nxf3 Rfe8 20. Re2 e5 21. dxe5
Nxe5 22. Nxe5 Bxe5 23. Rc2 Qb6 24. a5 Qa7 25. c4 Bxb2 26. Qxb2 dxc4 27. Rxc4
Rcd8 28. Rd1 Qb8 29. Rcc1 Nh5 30. g3 Qa7 31. Qc2 Nxg3 32. Bh7+ Kh8 33. Rxd8
Rxd8 34. Kg2 Nh5 35. Qc7 Qd4 36. Rc4 Qd5+ 37. Be4 Qg5+ 38. Kh2 Qf6 39. Bf3 Rd2
40. Kg2 Qg5+ 41. Rg4 Qe3 42. Qc8+ Kh7 43. Qf5+ Kg8 44. Qc8+ 1/2-1/2

[Event "Tournoi Skype 026A"]
[Site "Skype"]
[Date "????.??.??"]
[Round "4.23"]
[White "Vello, Pablo"]
[Black "Pezzolato, Erica"]
[Result "1/2-1/2"]
[WhiteElo "1581"]
[BlackElo "1417"]
[PlyCount "65"]

1. d4 Nf6 2. Nc3 g6 3. Bf4 Bg7 4. f3 O-O 5. Qd2 d6 6. O-O-O a5 7. Bh6 Na6 8. e4
Bd7 9. Bxg7 Kxg7 10. g4 c5 11. Bxa6 Rxa6 12. dxc5 e5 13. cxd6 Ne8 14. Qd5 Qg5+
15. Kb1 Nxd6 16. h4 Qe7 17. Nge2 h6 18. Nc1 Rc8 19. Nd3 Nc4 20. Rhe1 Rc7 21.
Nc5 Rd6 22. Qxc4 Rxc5 23. Qb3 b5 24. Rxd6 Qxd6 25. Rd1 Qc6 26. Ne2 Be6 27. Qd3
Qc7 28. Nc1 a4 29. Rd2 Rc4 30. Qd6 Rxc2 31. Qxc7 Rxc7 32. Ne2 b4 33. b3 1/2-1/2

[Event "Tournoi Skype 026A"]
[Site "Skype"]
[Date "????.??.??"]
[Round "4.26"]
[White "Mitrani, Alberto"]
[Black "Aceituno, Stebe"]
[Result "0-1"]
[WhiteElo "1495"]
[BlackElo "1593"]
[PlyCount "64"]

1. Nf3 c5 2. c4 Nf6 3. g3 d6 4. Bg2 g6 5. Nc3 Bg7 6. O-O O-O 7. d3 Nc6 8. a3 a6
9. Rb1 Qc7 10. b4 cxb4 11. axb4 Rb8 12. b5 axb5 13. Nxb5 Qd8 14. Be3 Ng4 15.
Bf4 Nge5 16. Qd2 Re8 17. Bxe5 Nxe5 18. Nxe5 Bxe5 19. Na7 Bd7 20. Bxb7 Qc7 21.
Bd5 Rxb1 22. Rxb1 Qxa7 23. e3 Bh3 24. d4 Bf6 25. Qb2 e5 26. Ra1 Qb8 27. Qc3
exd4 28. exd4 Qb6 29. Re1 Rxe1+ 30. Qxe1 Qxd4 31. Qe8+ Kg7 32. Qxf7+ Kh6 0-1

[Event "Tournoi Skype 026A"]
[Site "Skype"]
[Date "????.??.??"]
[Round "4.27"]
[White "Escudero Ocana, Francisco"]
[Black "Castillo, Jesus"]
[Result "1/2-1/2"]
[WhiteElo "1398"]
[BlackElo "1587"]
[PlyCount "72"]

1. e4 e5 2. Nf3 d6 3. c3 Nf6 4. d3 Be7 5. Bg5 O-O 6. h3 Be6 7. Qd2 Nbd7 8. Na3
a6 9. Nc2 c5 10. Ne3 Nxe4 11. Bxe7 Nxd2 12. Bxd8 Nxf3+ 13. gxf3 Rfxd8 14. O-O-O
Bxa2 15. Nf5 Be6 16. Nxd6 Bd5 17. Be2 a5 18. d4 cxd4 19. cxd4 exd4 20. Rxd4 Nf6
21. Nf5 Rac8+ 22. Kb1 Kf8 23. Rhd1 Rd7 24. Bb5 Bc6 25. Rxd7 Bxd7 26. Bxd7 Rd8
27. Ba4 Rc8 28. Nd6 Rb8 29. Bb3 b5 30. Nxf7 a4 31. Rd8+ Rxd8 32. Nxd8 axb3 33.
Ne6+ Kf7 34. Nd4 Nd5 35. Nxb3 Nf4 36. Nd4 Nxh3 1/2-1/2

[Event "Tournoi Skype 026A"]
[Site "Skype"]
[Date "????.??.??"]
[Round "4.28"]
[White "Yardimci, Ertan"]
[Black "Lucena Vaz, Jose"]
[Result "1-0"]
[WhiteElo "1560"]
[BlackElo "1510"]
[PlyCount "33"]

1. d4 d6 2. Nf3 Nd7 3. c4 Ngf6 4. e4 Nxe4 5. Bd3 Nef6 6. Nc3 g6 7. Bg5 Bg7 8.
Qd2 c5 9. d5 O-O 10. Bh6 Nh5 11. Bxg7 Nxg7 12. Qh6 Nf6 13. Ng5 Nf5 14. Bxf5
Bxf5 15. g4 Bd3 16. O-O-O Bxc4 17. Nce4 1-0